50 Years of Pakistan (Record no. 2627)

000 -LEADER
fixed length control field 00261nam a22001217a 4500
003 - CONTROL NUMBER IDENTIFIER
control field NUST
005 - DATE AND TIME OF LATEST TRANSACTION
control field 20170810163836.0
008 - FIXED-LENGTH DATA ELEMENTS--GENERAL INFORMATION
fixed length control field 170810b xxu||||| |||| 00| 0 eng d
040 ## - CATALOGING SOURCE
Transcribing agency NUST
082 ## - DEWEY DECIMAL CLASSIFICATION NUMBER
Classification number 330.95491020
100 ## - MAIN ENTRY--PERSONAL NAME
Personal name Federal Bureau of Statistics
9 (RLIN) 3895
245 ## - TITLE STATEMENT
Title 50 Years of Pakistan
250 ## - EDITION STATEMENT
Edition statement Vol 1
260 ## - PUBLICATION, DISTRIBUTION, ETC.
Place of publication, distribution, etc. Karachi
Name of publisher, distributor, etc. FBS
Date of publication, distribution, etc. 1998
300 ## - PHYSICAL DESCRIPTION
Extent 222p
942 ## - ADDED ENTRY ELEMENTS (KOHA)
Koha item type Book
Source of classification or shelving scheme
Holdings
Withdrawn status Lost status Source of classification or shelving scheme Damaged status Not for loan Collection code Permanent Location Current Location Shelving location Date acquired Total Checkouts Full call number Barcode Date last seen Price effective from Koha item type
            Central Library (CL) Central Library (CL) Reference 03/09/2016   330.95491021 FIF S3H-N-303 01/17/2022 03/09/2016 Book
© 2023 Central Library, National University of Sciences and Technology. All Rights Reserved.